عرض عادي
عرض مارك
- Science
مدخل مصطلح موضوعي
001 - رقم الضبط
- حقل الضبط: 40353
003 - معرف رقم الضبط
- حقل الضبط: OSt
005 - تاريخ ووقت أخر عملية
- حقل الضبط: 20131117193748.0
008 - عناصر بيانات ثابتة الطول
- حقل تحكم ثابت الطول: 131117|||a|||||| | ||| d
040 ## - مصدر الفهرسة
- هيئة الفهرسة الأصلية: OSt
- وكالة الكتابة: OSt
150 ## - مدخل-- مصطلح تاريخي
- عنصر مدخل المصطلح الموضوعي او الاسم الجغرافي: Science
- تفريع عام: Experiments
- تفريع عام: Computer simulation.
670 ## - بيانات المصدر موجوده
- الاستشهاد بالمصدر: Work cat.: (OSt)0: Winsberg, Eric B. 40351, Science in the age of computer simulation /, 2010.
